000 00303nam a2200109Ia 4500
008 190216s9999||||xx |||||||||||||| ||und||
100 _aChandrika Shankaranarayanan
245 0 _aMalayalam-P R Raja Raja Varma Malayalathinde Raja Shilpi
260 _bBhasha Institute
650 _aMalayalam
942 _cBK
999 _c26279
_d26279